TV Doctors By Show Blitz (Picture Click) Quiz Stats

 Plays Quiz not verified by Sporcle

Score 0/10 Timer 00:45
0 Plays Today
% Correct
Dr. Leonard McCoy
Star Trek
94.1%
Dr. Derek Shepherd
Grey's Anatomy
89.2%
Dr. Jack Shephard
Lost
76.9%
Dr. John Watson
Sherlock
76.3%
Dr. Remy Hadley
House
73.1%
Dr. Kerry Weaver
ER
71.1%
Dr. Kim Briggs
Scrubs
68.4%
Dr. John Thackery
The Knick
67.1%
Dr. Leslie Thompkins
Gotham
65.7%
Dr. Sara Tancredi
Prison Break
57.7%

You're not logged in!

Compare scores with friends on all Sporcle quizzes.
OR
Log In

Show Comments

Extras

Top Quizzes Today


Score Distribution

Your Account Isn't Verified!

In order to create a playlist on Sporcle, you need to verify the email address you used during registration. Go to your Sporcle Settings to finish the process.

Report this User

Report this user for behavior that violates our Community Guidelines.

Details: